Music Quiz

Random Music or Clip Quiz

Classical Composers by Piano Clip(audio) Quiz Stats

 Plays Quiz not verified by Sporcle

Challenge
Share
Tweet
Score 0/16 Timer 10:00
0 Plays Today
Range Composer % Correct
2:33-2:57Ludwig van Beethoven
74%
0:33-0:47Frédéric Chopin
72.7%
0:00-0:32Franz Liszt
68.4%
3:55-4:19Johann Sebastian Bach
61.1%
3:38-3:54Johann Pachelbel
61%
2:58-3:37Claude Debussy
55.6%
2:14-2:32Wolfgang Amadeus Mozart
54.4%
1:10-1:42Antonín Dvořák
52.2%
Range Composer % Correct
4:20-4:34Franz Joseph Haydn
31.2%
1:43-1:53Georg Frideric Händel
31%
4:35-4:57Robert Schumann
30.9%
1:54-2:13Johannes Brahms
28.8%
0:48-1:09Jean Sibelius
28.6%
5:38-6:00Giacomo Puccini
23.9%
4:58-5:17Jeremiah Clarke
18.5%
5:18-5:37Nikolai Rimsky-Korsakov
18.2%

You're not logged in!

Compare scores with friends on all Sporcle quizzes.
Join for Free
OR
Log In

You Might Also Like...

Show Comments

Extras

Top Quizzes Today


Score Distribution

Your Account Isn't Verified!

In order to create a playlist on Sporcle, you need to verify the email address you used during registration. Go to your Sporcle Settings to finish the process.

Report this User

Report this user for behavior that violates our Community Guidelines.

Details: